<?xml version="1.0" encoding="UTF-8"?>
<collection xmlns="http://www.loc.gov/MARC21/slim">
<record>
  <controlfield tag="001">137714</controlfield>
  <controlfield tag="005">20220920135206.0</controlfield>
  <datafield tag="024" ind1="7" ind2=" ">
    <subfield code="a">10.1137/1.9780898719550</subfield>
    <subfield code="2">doi</subfield>
  </datafield>
  <datafield tag="037" ind1=" " ind2=" ">
    <subfield code="a">ERESRWTH-2021-00102</subfield>
  </datafield>
  <datafield tag="100" ind1="1" ind2=" ">
    <subfield code="a">Higham, Nicholas J.</subfield>
    <subfield code="b">0</subfield>
  </datafield>
  <datafield tag="245" ind1=" " ind2=" ">
    <subfield code="a">Handbook of Writing for the Mathematical Sciences, Second Edition</subfield>
  </datafield>
  <datafield tag="260" ind1=" " ind2=" ">
    <subfield code="c">1998</subfield>
    <subfield code="b">Society for Industrial and Applied Mathematics</subfield>
  </datafield>
  <datafield tag="336" ind1="7" ind2=" ">
    <subfield code="a">BOOK</subfield>
    <subfield code="2">BibTeX</subfield>
  </datafield>
  <datafield tag="336" ind1="7" ind2=" ">
    <subfield code="a">Book</subfield>
    <subfield code="b">book</subfield>
    <subfield code="m">book</subfield>
    <subfield code="0">PUB:(DE-HGF)3</subfield>
    <subfield code="s">1634026792_14930</subfield>
    <subfield code="2">PUB:(DE-HGF)</subfield>
  </datafield>
  <datafield tag="336" ind1="7" ind2=" ">
    <subfield code="a">Output Types/Book</subfield>
    <subfield code="2">DataCite</subfield>
  </datafield>
  <datafield tag="336" ind1="7" ind2=" ">
    <subfield code="a">BOOK</subfield>
    <subfield code="2">ORCID</subfield>
  </datafield>
  <datafield tag="336" ind1="7" ind2=" ">
    <subfield code="a">Book</subfield>
    <subfield code="0">1</subfield>
    <subfield code="2">EndNote</subfield>
  </datafield>
  <datafield tag="336" ind1="7" ind2=" ">
    <subfield code="a">book</subfield>
    <subfield code="2">DRIVER</subfield>
  </datafield>
  <datafield tag="500" ind1=" " ind2=" ">
    <subfield code="a">Literaturreferenz ; Die Online-Ressource ist über den KatalogPlus der RWTH Universitätsbibliothek verfügbar!</subfield>
  </datafield>
  <datafield tag="588" ind1=" " ind2=" ">
    <subfield code="a">Dataset connected to CrossRef Book</subfield>
  </datafield>
  <datafield tag="909" ind1="C" ind2="O">
    <subfield code="o">oai:reserves.ub.rwth-aachen.de:137714</subfield>
    <subfield code="p">VDB</subfield>
  </datafield>
  <datafield tag="915" ind1="1" ind2=" ">
    <subfield code="a">Literaturreferenz / Reference only</subfield>
    <subfield code="0">StatID:(DE-HGF)2102</subfield>
    <subfield code="2">StatID</subfield>
    <subfield code="x">0</subfield>
  </datafield>
  <datafield tag="920" ind1="1" ind2=" ">
    <subfield code="0">I:(DE-RON)21ws-12.59324</subfield>
    <subfield code="k">21ws-12.59324</subfield>
    <subfield code="l">Seminar Theoretical Topics in Data Science (SE) [21ws-12.59324]</subfield>
    <subfield code="x">0</subfield>
  </datafield>
  <datafield tag="980" ind1=" " ind2=" ">
    <subfield code="a">book</subfield>
  </datafield>
  <datafield tag="980" ind1=" " ind2=" ">
    <subfield code="a">VDB</subfield>
  </datafield>
  <datafield tag="980" ind1=" " ind2=" ">
    <subfield code="a">I:(DE-RON)21ws-12.59324</subfield>
  </datafield>
  <datafield tag="980" ind1=" " ind2=" ">
    <subfield code="a">UNRESTRICTED</subfield>
  </datafield>
</record>
</collection>